[Event "Wch Rapid"]
[Site "Moscow"]
[Date "2019.12.27"]
[Round "7"]
[White "Postny, Evgeny"]
[Black "Kamsky, Gata"]
[Result "1/2-1/2"]
[WhiteElo "2605"]
[BlackElo "2677"]
[PlyCount "53"]
[EventDate "2019.12.26"]
[EventType "swiss (rapid)"]
[EventRounds "15"]
[EventCountry "RUS"]
[SourceTitle "CBM 193 Extra"]
[Source "ChessBase"]
[SourceDate "2020.01.31"]
[SourceVersion "1"]
[SourceVersionDate "2020.01.31"]
[SourceQuality "1"]

1. d4 d5 2. c4 c6 3. Nf3 Nf6 4. Nc3 a6 5. c5 g6 6. Bf4 Nh5 7. Bg5 h6 8. Be3 Bg7
9. g3 Nf6 10. Bg2 Bf5 11. Qb3 Qc8 12. O-O Nbd7 13. Bf4 Be4 14. Rad1 O-O 15.
Nxe4 Nxe4 16. Nd2 Nxd2 17. Rxd2 Re8 18. e4 e5 19. Bxe5 Bxe5 20. dxe5 Nxc5 21.
Qb6 Nxe4 22. Bxe4 dxe4 23. Rfd1 Qe6 24. Qxb7 Qxe5 25. Qxc6 e3 26. fxe3 Qxe3+
27. Kg2 1/2-1/2

[Event "Wch Rapid"]
[Site "Moscow"]
[Date "2019.12.27"]
[Round "8"]
[White "Kamsky, Gata"]
[Black "Moiseenko, Vadim"]
[Result "1/2-1/2"]
[WhiteElo "2677"]
[BlackElo "2526"]
[PlyCount "66"]
[EventDate "2019.12.26"]
[EventType "swiss (rapid)"]
[EventRounds "15"]
[EventCountry "RUS"]
[SourceTitle "CBM 193 Extra"]
[Source "ChessBase"]
[SourceDate "2020.01.31"]
[SourceVersion "1"]
[SourceVersionDate "2020.01.31"]
[SourceQuality "1"]

1. d4 Nf6 2. Nf3 g6 3. Bf4 Bg7 4. c3 d6 5. h3 O-O 6. e3 Nc6 7. Bh2 Nd7 8. Be2
e5 9. Na3 Qe7 10. Nc4 Nb6 11. O-O Bf5 12. a4 exd4 13. exd4 Rfe8 14. Ne3 Be4 15.
Re1 a6 16. Nd2 Qg5 17. Nxe4 Rxe4 18. Bf3 Re7 19. a5 Nxa5 20. Nd5 Nxd5 21. Rxa5
Rae8 22. Rxe7 Qxe7 23. g4 c6 24. Bxd5 cxd5 25. Rxd5 Bf8 26. Kg2 Qe2 27. Qxe2
Rxe2 28. b4 Rc2 29. Bxd6 Rxc3 30. Bc5 b6 31. Bxf8 Kxf8 32. Rd6 Rc4 33. Rxb6
Rxd4 1/2-1/2

[Event "Wch Rapid"]
[Site "Moscow"]
[Date "2019.12.27"]
[Round "9"]
[White "Pashikian, Arman"]
[Black "Kamsky, Gata"]
[Result "1/2-1/2"]
[WhiteElo "2605"]
[BlackElo "2677"]
[PlyCount "135"]
[EventDate "2019.12.26"]
[EventType "swiss (rapid)"]
[EventRounds "15"]
[EventCountry "RUS"]
[SourceTitle "CBM 193 Extra"]
[Source "ChessBase"]
[SourceDate "2020.01.31"]
[SourceVersion "1"]
[SourceVersionDate "2020.01.31"]
[SourceQuality "1"]

1. d4 d5 2. c4 c6 3. Nf3 Nf6 4. Nc3 a6 5. e3 g6 6. b3 Bg7 7. Bb2 Bg4 8. Be2 O-O
9. O-O e6 10. h3 Bxf3 11. Bxf3 Nbd7 12. Qe2 Re8 13. Rfd1 Qb6 14. g3 a5 15. Bg2
Qa7 16. a4 Qb6 17. Qc2 Nb8 18. Ne2 Na6 19. Nf4 Nb4 20. Qe2 Nd7 21. Rab1 Rac8
22. Bc3 dxc4 23. bxc4 c5 24. Nd3 Qa6 25. Nxc5 Nxc5 26. Bxb4 axb4 27. Rxb4 Nxa4
28. Ra1 Nc3 29. Qb2 Ne2+ 30. Kh2 Qd6 31. c5 Rxc5 32. Qxe2 Rc7 33. Rab1 Rb8 34.
Rxb7 Rcxb7 35. Rxb7 Rxb7 36. Bxb7 h5 37. Kg2 Bf6 38. h4 Kg7 39. Qb5 Qc7 40. Bc6
Kg8 41. Bf3 Kg7 42. Be4 Qe7 43. d5 exd5 44. Bxd5 Qc7 45. Bb3 Qe7 46. Qd5 Qa7
47. Bc4 Ba1 48. e4 Qe7 49. f4 Bb2 50. e5 Bc3 51. Kf3 Bb2 52. Kg2 Bc3 53. Bb3
Bb2 54. Ba2 Bc3 55. Bc4 Bb2 56. Kh3 Bc3 57. Bb3 Bb2 58. Kg2 Bc3 59. Kf3 Bb2 60.
Qc4 Qb7+ 61. Kf2 Qd7 62. Kg2 Qd2+ 63. Kh3 Qd7+ 64. Kg2 Qd2+ 65. Kf3 Qc3+ 66.
Qxc3 Bxc3 67. g4 hxg4+ 68. Kxg4 1/2-1/2

[Event "Wch Rapid"]
[Site "Moscow"]
[Date "2019.12.28"]
[Round "11"]
[White "Sakaev, Konstantin"]
[Black "Kamsky, Gata"]
[Result "1/2-1/2"]
[WhiteElo "2596"]
[BlackElo "2677"]
[PlyCount "65"]
[EventDate "2019.12.26"]
[EventType "swiss (rapid)"]
[EventRounds "15"]
[EventCountry "RUS"]
[SourceTitle "CBM 193 Extra"]
[Source "ChessBase"]
[SourceDate "2020.01.31"]
[SourceVersion "1"]
[SourceVersionDate "2020.01.31"]
[SourceQuality "1"]

1. d4 d5 2. c4 c6 3. Nf3 Nf6 4. Nc3 a6 5. Qc2 Bg4 6. Ne5 Be6 7. cxd5 Nxd5 8. e3
g6 9. Nd3 Bg7 10. Be2 Nd7 11. e4 Nxc3 12. bxc3 Bc4 13. O-O O-O 14. Bg5 Re8 15.
Rab1 b5 16. Nb4 Bxe2 17. Qxe2 Qc7 18. Rfd1 a5 19. Nc2 h6 20. Bh4 e5 21. d5 Nc5
22. Qf3 Na4 23. d6 Qd7 24. Be7 Bf8 25. Bxf8 Kxf8 26. Ne3 Re6 27. Ng4 Kg7 28.
Qh3 h5 29. Nxe5 Qe8 30. f4 Rd8 31. d7 Qe7 32. Qe3 Qc5 33. Rd4 1/2-1/2

[Event "Wch Rapid"]
[Site "Moscow"]
[Date "2019.12.28"]
[Round "12"]
[White "Kamsky, Gata"]
[Black "Iturrizaga Bonelli, Eduardo"]
[Result "1/2-1/2"]
[WhiteElo "2677"]
[BlackElo "2597"]
[PlyCount "45"]
[EventDate "2019.12.26"]
[EventType "swiss (rapid)"]
[EventRounds "15"]
[EventCountry "RUS"]
[SourceTitle "CBM 193 Extra"]
[Source "ChessBase"]
[SourceDate "2020.01.31"]
[SourceVersion "1"]
[SourceVersionDate "2020.01.31"]
[SourceQuality "1"]

1. e4 c5 2. Nc3 e6 3. Nf3 a6 4. g3 b5 5. Bg2 Bb7 6. d3 d6 7. O-O Nf6 8. Ng5 h6
9. Nh3 Nbd7 10. f4 Be7 11. f5 exf5 12. exf5 Bxg2 13. Kxg2 b4 14. Ne2 Qc7 15.
Nef4 Ne5 16. Nh5 Qc6+ 17. Kg1 Nxh5 18. Qxh5 Bf6 19. Nf4 O-O 20. Qe2 Rfe8 21.
Qg2 Qxg2+ 22. Kxg2 Nd7 23. Rb1 1/2-1/2

[Event "Wch Rapid"]
[Site "Moscow"]
[Date "2019.12.28"]
[Round "13"]
[White "Sarana, Alexey"]
[Black "Kamsky, Gata"]
[Result "1/2-1/2"]
[WhiteElo "2663"]
[BlackElo "2677"]
[PlyCount "47"]
[EventDate "2019.12.26"]
[EventType "swiss (rapid)"]
[EventRounds "15"]
[EventCountry "RUS"]
[SourceTitle "CBM 193 Extra"]
[Source "ChessBase"]
[SourceDate "2020.01.31"]
[SourceVersion "1"]
[SourceVersionDate "2020.01.31"]
[SourceQuality "1"]

1. d4 d5 2. Nf3 Nf6 3. c4 c6 4. Nc3 a6 5. e3 g6 6. cxd5 cxd5 7. Bd3 Nc6 8. O-O
Bg4 9. h3 Bxf3 10. Qxf3 Bg7 11. Bd2 O-O 12. Rac1 e5 13. dxe5 Nxe5 14. Qe2 d4
15. exd4 Qxd4 16. Bb1 Rfe8 17. Be3 Qh4 18. Rcd1 Nc4 19. Rd4 Qxd4 20. Bxd4 Rxe2
21. Nxe2 Nd2 22. Rd1 Nxb1 23. Rxb1 Rc8 24. Nc3 1/2-1/2

[Event "Wch Rapid"]
[Site "Moscow"]
[Date "2019.12.28"]
[Round "14"]
[White "Kamsky, Gata"]
[Black "Riazantsev, Alexander"]
[Result "1/2-1/2"]
[WhiteElo "2677"]
[BlackElo "2639"]
[PlyCount "144"]
[EventDate "2019.12.26"]
[EventType "swiss (rapid)"]
[EventRounds "15"]
[EventCountry "RUS"]
[SourceTitle "CBM 193 Extra"]
[Source "ChessBase"]
[SourceDate "2020.01.31"]
[SourceVersion "1"]
[SourceVersionDate "2020.01.31"]
[SourceQuality "1"]

1. d4 d5 2. Nf3 Nf6 3. Bf4 c5 4. e3 cxd4 5. exd4 Nc6 6. Nbd2 Bf5 7. c3 a6 8.
Nh4 Bg4 9. Qb3 Na5 10. Qc2 e6 11. Bd3 Nc6 12. Nhf3 Bd6 13. Bxd6 Qxd6 14. O-O
Rc8 15. Qb3 Qc7 16. a4 O-O 17. Rfe1 Bh5 18. Qa3 Bxf3 19. Nxf3 Na5 20. Qa2 h6
21. Re2 Rb8 22. Ne5 Ne8 23. f4 Nd6 24. Rf1 Nac4 25. Qb1 b5 26. axb5 axb5 27. b3
Nb6 28. Qe1 Rbc8 29. Rf3 Qa7 30. g4 b4 31. cxb4 Nd7 32. Nxd7 Qxd7 33. f5 Qa7
34. Qf2 Rc1+ 35. Kg2 exf5 36. gxf5 Ne4 37. Bxe4 dxe4 38. Rxe4 Qb7 39. Qe3 Rc2+
40. Kh3 Rc3 41. Qxc3 Qxe4 42. Qe3 Qc6 43. Qf4 Re8 44. Re3 Rd8 45. Kg3 Qh1 46.
b5 Rc8 47. Qf3 Qg1+ 48. Kh3 Kh7 49. b6 Rc2 50. Re2 Qd1 51. Rf2 Qxf3+ 52. Rxf3
Rc6 53. Kg4 Rxb6 54. Kf4 g5+ 55. fxg6+ Kxg6 56. Ke5 Re6+ 57. Kd5 Re2 58. h3 f5
59. b4 Rb2 60. Kc4 Kg5 61. b5 f4 62. d5 Kf5 63. d6 Ke4 64. Rb3 Rc2+ 65. Rc3 Rd2
66. Kc5 f3 67. Rxf3 Kxf3 68. b6 Rc2+ 69. Kd5 Rd2+ 70. Kc5 Rc2+ 71. Kd5 Rd2+ 72.
Kc6 Rc2+ 1/2-1/2

[Event "Wch Rapid"]
[Site "Moscow"]
[Date "2019.12.28"]
[Round "15"]
[White "Sanal, Vahap"]
[Black "Kamsky, Gata"]
[Result "1/2-1/2"]
[WhiteElo "2549"]
[BlackElo "2677"]
[PlyCount "72"]
[EventDate "2019.12.26"]
[EventType "swiss (rapid)"]
[EventRounds "15"]
[EventCountry "RUS"]
[SourceTitle "CBM 193 Extra"]
[Source "ChessBase"]
[SourceDate "2020.01.31"]
[SourceVersion "1"]
[SourceVersionDate "2020.01.31"]
[SourceQuality "1"]

1. d4 d5 2. c4 c6 3. cxd5 cxd5 4. Bg5 h6 5. Bh4 Qb6 6. Nc3 e6 7. Qd2 Nc6 8. e3
Be7 9. Bxe7 Ngxe7 10. Bd3 Bd7 11. Nf3 O-O 12. Rc1 Qa5 13. O-O Rac8 14. Bb1 g6
15. h4 Kg7 16. a3 f6 17. Qd3 e5 18. dxe5 Nxe5 19. Nxe5 fxe5 20. Rcd1 Be6 21.
Ba2 Rcd8 22. Qb1 Bf5 23. Qa1 d4 24. exd4 exd4 25. b4 Qe5 26. Rfe1 Qf6 27. Nb5
Nc6 28. Nc7 Qxh4 29. b5 Bh3 30. Qb2 Bxg2 31. Ne6+ Kh8 32. Kxg2 Qg4+ 33. Kf1
Qh3+ 34. Kg1 Qg4+ 35. Kf1 Qh3+ 36. Kg1 Qg4+ 1/2-1/2

[Event "Titled Tuesday intern op1 4th Febr"]
[Site "Chess.com INT"]
[Date "2020.02.04"]
[Round "4"]
[White "Mikhailovsky, Vladimir"]
[Black "Kamsky, Gata"]
[Result "0-1"]
[WhiteElo "2565"]
[BlackElo "2831"]
[PlyCount "56"]
[EventDate "2020.02.04"]
[EventType "swiss (blitz)"]
[EventRounds "10"]
[EventCountry "USA"]
[SourceTitle "EXT 2021"]
[Source "ChessBase"]
[SourceDate "2020.10.23"]
[SourceVersion "1"]
[SourceVersionDate "2020.10.23"]
[SourceQuality "1"]

1. e4 c5 2. d4 cxd4 3. c3 Nf6 4. e5 Nd5 5. Nf3 Nc6 6. Bc4 Nb6 7. Bb3 d5 8. exd6
Qxd6 9. O-O Be6 10. Qe2 d3 11. Qe4 Bxb3 12. axb3 e6 13. Rd1 Rd8 14. Qg4 h5 15.
Qg5 Qd5 16. Qg3 Qxb3 17. Nbd2 Qxd1+ 18. Nf1 d2 19. N3xd2 h4 20. Qe3 h3 21. gxh3
Qh5 22. Nf3 Qxh3 23. Bd2 Nd5 24. Qe4 Bc5 25. Ng3 Nf6 26. Qc4 Bb6 27. Be3 Bxe3
28. fxe3 Ng4 0-1

[Event "Titled Tuesday intern op 19th May"]
[Site "Chess.com INT"]
[Date "2020.05.19"]
[Round "7"]
[White "Kamsky, Gata"]
[Black "Grabinsky, Joshua"]
[Result "1-0"]
[WhiteElo "2674"]
[BlackElo "2251"]
[PlyCount "109"]
[EventDate "2020.05.19"]
[EventType "swiss (blitz)"]
[EventRounds "10"]
[EventCountry "USA"]
[SourceTitle "EXT 2021"]
[Source "ChessBase"]
[SourceDate "2020.10.23"]
[SourceVersion "1"]
[SourceVersionDate "2020.10.23"]
[SourceQuality "1"]

1. d4 c5 2. d5 e5 3. e4 d6 4. Nc3 g6 5. Nf3 Bg7 6. Nd2 Ne7 7. Bb5+ Bd7 8. Nc4
Nc8 9. a4 O-O 10. O-O a6 11. Bxd7 Nxd7 12. a5 f5 13. f4 exf4 14. Bxf4 Ne5 15.
Bxe5 Bxe5 16. Nxe5 dxe5 17. exf5 gxf5 18. Qd3 e4 19. Qg3+ Kh8 20. Qe5+ Qf6 21.
Qxf6+ Rxf6 22. Nxe4 Rg6 23. Rxf5 Ne7 24. Re5 Rg7 25. Nxc5 Rc8 26. b4 Ng6 27.
Re4 h5 28. d6 h4 29. d7 Rcg8 30. Re8 Nf4 31. d8=Q Rxg2+ 32. Kf1 Rg1+ 33. Kf2
R1g2+ 34. Kf3 Ne6 35. Qxh4+ Kg7 36. Nxe6+ Kf7 37. Qe7+ Kg6 38. Rxg8+ Kf5 39.
Rxg2 b6 40. axb6 a5 41. b7 a4 42. b8=R a3 43. Rf8+ Ke5 44. Nf4+ Kd4 45. Rd8+
Kc3 46. b5 Kb2 47. Rxa3 Kb1 48. c4 Kc1 49. c5 Kb1 50. c6 Kc1 51. c7 Kb1 52. b6
Kc1 53. b7 Kb1 54. b8=R+ Kc1 55. c8=R# 1-0

[Event "Titled Tuesday intern op 16th June"]
[Site "Chess.com INT"]
[Date "2020.06.16"]
[Round "1"]
[White "Issani, Nameer"]
[Black "Kamsky, Gata"]
[Result "0-1"]
[WhiteElo "2070"]
[BlackElo "2674"]
[PlyCount "82"]
[EventDate "2020.06.16"]
[EventType "swiss (blitz)"]
[EventRounds "10"]
[EventCountry "USA"]
[SourceTitle "EXT 2021"]
[Source "ChessBase"]
[SourceDate "2020.10.23"]
[SourceVersion "1"]
[SourceVersionDate "2020.10.23"]
[SourceQuality "1"]

1. Nf3 Nf6 2. g3 g6 3. b3 Bg7 4. Bb2 O-O 5. Bg2 d5 6. O-O c6 7. d4 Bf5 8. Nbd2
a5 9. a4 Ne4 10. Nxe4 Bxe4 11. Nd2 Bxg2 12. Kxg2 Na6 13. e3 Re8 14. f4 e6 15.
Nf3 Rc8 16. Rc1 b5 17. Qe2 Qb6 18. Ba1 b4 19. g4 Nb8 20. h4 Nd7 21. h5 Nf6 22.
hxg6 hxg6 23. Ng5 Nh7 24. Nf3 c5 25. dxc5 Rxc5 26. Bxg7 Kxg7 27. Rh1 Rc3 28.
Nd4 Nf6 29. g5 Ne4 30. Qf3 Kf8 31. Rh8+ Ke7 32. Rxe8+ Kxe8 33. Qh3 Ke7 34. Qf3
Qc5 35. Qe2 Nd6 36. Kf2 Ne4+ 37. Ke1 Qb6 38. Rd1 Qb8 39. Rd3 Qh8 40. Rxc3 Qh4+
41. Kf1 Qh1# 0-1

[Event "Titled Tuesday intern op 16th June"]
[Site "Chess.com INT"]
[Date "2020.06.16"]
[Round "2"]
[White "Kamsky, Gata"]
[Black "Matveev, Vladimir1"]
[Result "1-0"]
[WhiteElo "2674"]
[BlackElo "2368"]
[PlyCount "85"]
[EventDate "2020.06.16"]
[EventType "swiss (blitz)"]
[EventRounds "10"]
[EventCountry "USA"]
[SourceTitle "EXT 2021"]
[Source "ChessBase"]
[SourceDate "2020.10.23"]
[SourceVersion "1"]
[SourceVersionDate "2020.10.23"]
[SourceQuality "1"]

1. d4 Nf6 2. Nf3 g6 3. c3 Bg7 4. Bf4 O-O 5. Nbd2 d6 6. h3 Nfd7 7. e4 c5 8. d5
Na6 9. Bd3 Nc7 10. Bh2 b5 11. O-O Rb8 12. Re1 b4 13. Qc2 bxc3 14. bxc3 f6 15.
a4 Ne5 16. Nxe5 fxe5 17. Nc4 Ne8 18. Rab1 Bd7 19. f3 Bh6 20. Bg3 Nf6 21. Rxb8
Qxb8 22. Rb1 Qc8 23. Bf1 Nh5 24. Bh4 Qe8 25. Rb7 Nf4 26. a5 g5 27. Bg3 Nxh3+
28. gxh3 Rxf3 29. Be1 Bxh3 30. Be2 Rf8 31. Qd3 g4 32. Qg3 Qg6 33. Qd3 Rf3 34.
Rb8+ Kg7 35. Qb1 Be3+ 36. Nxe3 Rxe3 37. Qc2 Rxe4 38. Bg3 h5 39. Bd3 Qg5 40.
Bxe4 Qe3+ 41. Qf2 Qxf2+ 42. Kxf2 h4 43. Bxh4 1-0

[Event "Titled Tuesday intern op 16th June"]
[Site "Chess.com INT"]
[Date "2020.06.16"]
[Round "3"]
[White "Ardelean, George Catalin"]
[Black "Kamsky, Gata"]
[Result "0-1"]
[WhiteElo "2488"]
[BlackElo "2674"]
[PlyCount "66"]
[EventDate "2020.06.16"]
[EventType "swiss (blitz)"]
[EventRounds "10"]
[EventCountry "USA"]
[SourceTitle "EXT 2021"]
[Source "ChessBase"]
[SourceDate "2020.10.23"]
[SourceVersion "1"]
[SourceVersionDate "2020.10.23"]
[SourceQuality "1"]

1. d4 Nf6 2. Bf4 d5 3. e3 e6 4. Nd2 Bd6 5. Bg3 O-O 6. Ngf3 c5 7. c3 Qc7 8. dxc5
Qxc5 9. Bd3 Nbd7 10. e4 e5 11. O-O dxe4 12. Bxe4 Qc7 13. Bh4 Re8 14. Qc2 Bf8
15. Rfe1 h6 16. Bf5 b6 17. Rad1 Bb7 18. Ne4 Bxe4 19. Bxe4 Nxe4 20. Qxe4 Nc5 21.
Qf5 f6 22. Bg3 Qf7 23. b3 g6 24. Qc2 Rad8 25. h4 h5 26. Nd2 Kh7 27. Nc4 Bh6 28.
f3 Qe6 29. Bf2 Bf8 30. Ne3 Qc6 31. c4 e4 32. f4 Nd3 33. Nd5 Rxd5 0-1

[Event "Titled Tuesday intern op 16th June"]
[Site "Chess.com INT"]
[Date "2020.06.16"]
[Round "4"]
[White "Kamsky, Gata"]
[Black "Lagno, Kateryna"]
[Result "1-0"]
[WhiteElo "2674"]
[BlackElo "2546"]
[PlyCount "91"]
[EventDate "2020.06.16"]
[EventType "swiss (blitz)"]
[EventRounds "10"]
[EventCountry "USA"]
[SourceTitle "EXT 2021"]
[Source "ChessBase"]
[SourceDate "2020.10.23"]
[SourceVersion "1"]
[SourceVersionDate "2020.10.23"]
[SourceQuality "1"]

1. d4 Nf6 2. Nf3 g6 3. c3 Bg7 4. Bf4 b6 5. h3 Bb7 6. e3 O-O 7. Nbd2 d6 8. a4 a6
9. Bh2 Nbd7 10. Bc4 Ne4 11. Nxe4 Bxe4 12. Qe2 Bb7 13. e4 b5 14. Bd3 e5 15. O-O
c6 16. Rfe1 Re8 17. Qc2 h6 18. Bg3 Qc7 19. Rad1 Nb6 20. b3 Rad8 21. Bh4 g5 22.
Bg3 Bc8 23. dxe5 dxe5 24. Nh2 Be6 25. Nf1 Nd7 26. b4 Nb6 27. axb5 cxb5 28. Ne3
Rc8 29. Rc1 Na4 30. c4 bxc4 31. Qxa4 c3 32. Bxa6 Ra8 33. b5 Bf8 34. Qc2 Bb4 35.
Nd5 Bxd5 36. exd5 Rad8 37. Qe4 Qc5 38. b6 Qxb6 39. Bd3 Qg6 40. Qxg6+ fxg6 41.
Bxg6 Re7 42. Bxe5 Rxd5 43. Bxc3 Rxe1+ 44. Bxe1 Ba3 45. Rb1 Kg7 46. Be4 1-0

[Event "Titled Tuesday intern op 16th June"]
[Site "Chess.com INT"]
[Date "2020.06.16"]
[Round "5"]
[White "Belous, Vladimir"]
[Black "Kamsky, Gata"]
[Result "0-1"]
[WhiteElo "2524"]
[BlackElo "2674"]
[PlyCount "100"]
[EventDate "2020.06.16"]
[EventType "swiss (blitz)"]
[EventRounds "10"]
[EventCountry "USA"]
[SourceTitle "EXT 2021"]
[Source "ChessBase"]
[SourceDate "2020.10.23"]
[SourceVersion "1"]
[SourceVersionDate "2020.10.23"]
[SourceQuality "1"]

1. c4 c6 2. Nf3 Nf6 3. b3 d5 4. Bb2 Bg4 5. Ne5 Bh5 6. d3 e6 7. Nd2 a5 8. h3
Nbd7 9. f4 Nxe5 10. fxe5 Nd7 11. Nf3 Bxf3 12. exf3 Qh4+ 13. Kd2 a4 14. Kc2 Bb4
15. Qe2 a3 16. Bc3 Bxc3 17. Kxc3 h5 18. g4 Qg3 19. Re1 O-O-O 20. Kb4 Kc7 21.
Kxa3 dxc4 22. dxc4 Ra8+ 23. Kb2 Ra5 24. Rd1 Rha8 25. a4 Qxe5+ 26. Qxe5+ Rxe5
27. Rh2 c5 28. Rhd2 Nb6 29. Bd3 Re3 30. Be4 g6 31. gxh5 f5 32. Bc2 gxh5 33. Rg1
Rd8 34. Rg7+ Rd7 35. Rdxd7+ Nxd7 36. a5 Rxf3 37. b4 cxb4 38. Ba4 Rd3 39. Re7
Kd8 40. Rxe6 Nc5 41. Re8+ Kc7 42. Bc2 Rd2 43. Kc1 Rd4 44. Bxf5 Rxc4+ 45. Kb2
Rc3 46. Re7+ Kd6 47. Rh7 Na4+ 48. Kb1 b3 49. Rxb7 Rf3 50. Be4 Rf1# 0-1

[Event "Titled Tuesday intern op 16th June"]
[Site "Chess.com INT"]
[Date "2020.06.16"]
[Round "7"]
[White "Firouzja, Alireza"]
[Black "Kamsky, Gata"]
[Result "0-1"]
[WhiteElo "2728"]
[BlackElo "2674"]
[PlyCount "114"]
[EventDate "2020.06.16"]
[EventType "swiss (blitz)"]
[EventRounds "10"]
[EventCountry "USA"]
[SourceTitle "EXT 2021"]
[Source "ChessBase"]
[SourceDate "2020.10.23"]
[SourceVersion "1"]
[SourceVersionDate "2020.10.23"]
[SourceQuality "1"]

1. d4 g6 2. e4 Bg7 3. Nc3 d6 4. Be3 a6 5. Qd2 b5 6. f3 Nd7 7. h4 h6 8. O-O-O
Bb7 9. Kb1 e6 10. Nh3 Ne7 11. Nf2 b4 12. Ne2 c5 13. h5 g5 14. f4 gxf4 15. Bxf4
Qb6 16. dxc5 Nxc5 17. Qxd6 Qxd6 18. Bxd6 Nxe4 19. Nxe4 Bxe4 20. Rh4 Bh7 21.
Rxb4 Nd5 22. Rb3 Kd7 23. Bg3 Rhc8 24. Rd2 Ke8 25. Nf4 Nf6 26. Bd3 Bxd3 27.
Rdxd3 Rc5 28. Rb7 Rac8 29. c3 Ne4 30. Bh4 Rf5 31. Re7+ Kf8 32. Rc7 Rb8 33. g3
Be5 34. Be7+ Kg7 35. Rc6 Bxf4 36. gxf4 Rxh5 37. a4 Rh2 38. Ba3 Kg6 39. Rxa6 Kf5
40. Ka2 h5 41. Ra5+ Kg4 42. Ra7 f5 43. Rg7+ Kxf4 44. a5 Ra8 45. Bb4 h4 46. Kb3
h3 47. Rh7 Nd2+ 48. Ka4 Nc4 49. b3 Nb2+ 50. Kb5 Nxd3 51. Bd6+ e5 52. c4 Ke4 53.
c5 f4 54. c6 Rb2 55. b4 f3 56. Rh4+ Nf4 57. Bc5 f2 0-1

[Event "Titled Tuesday intern op 16th June"]
[Site "Chess.com INT"]
[Date "2020.06.16"]
[Round "8"]
[White "Melkumyan, Hrant"]
[Black "Kamsky, Gata"]
[Result "0-1"]
[WhiteElo "2663"]
[BlackElo "2674"]
[PlyCount "72"]
[EventDate "2020.06.16"]
[EventType "swiss (blitz)"]
[EventRounds "10"]
[EventCountry "USA"]
[SourceTitle "EXT 2021"]
[Source "ChessBase"]
[SourceDate "2020.10.23"]
[SourceVersion "1"]
[SourceVersionDate "2020.10.23"]
[SourceQuality "1"]

1. d4 d5 2. c4 c6 3. Nf3 Nf6 4. Nc3 a6 5. g3 dxc4 6. Bg2 g6 7. Ne5 Bg7 8. Nxc4
Be6 9. Ne5 Nbd7 10. Nf3 h6 11. O-O O-O 12. e4 b5 13. Re1 Qb6 14. h3 Rad8 15.
Be3 Qb7 16. Qc1 Kh7 17. b4 Nb6 18. Nd2 Nc4 19. Nxc4 Bxc4 20. Kh2 Nd7 21. e5 Nb6
22. Ne4 Bd5 23. f4 Nc4 24. Bf2 Qc8 25. a4 f6 26. Bg1 g5 27. fxg5 fxe5 28. gxh6
Bxh6 29. Qc2 Qf5 30. Rf1 Qg6 31. axb5 axb5 32. Rxf8 Rxf8 33. Ra7 Rf7 34. h4 Nd2
35. Nf6+ exf6 36. Re7 Qxc2 0-1

[Event "Titled Tuesday intern op 16th June f"]
[Site "Chess.com INT"]
[Date "2020.06.16"]
[Round "1.1"]
[White "Fedoseev, Vladimir1"]
[Black "Kamsky, Gata"]
[Result "1/2-1/2"]
[WhiteElo "2678"]
[BlackElo "2674"]
[PlyCount "78"]
[EventDate "2020.06.16"]
[EventType "k.o. (blitz)"]
[EventRounds "3"]
[EventCountry "USA"]
[SourceTitle "EXT 2021"]
[Source "ChessBase"]
[SourceDate "2020.10.23"]
[SourceVersion "1"]
[SourceVersionDate "2020.10.23"]
[SourceQuality "1"]

1. e4 e5 2. Nf3 Nc6 3. Bb5 a6 4. Ba4 Nf6 5. O-O Be7 6. Re1 b5 7. Bb3 d6 8. c3
O-O 9. d4 Bg4 10. Be3 Bh5 11. h3 Na5 12. Bc2 exd4 13. cxd4 c5 14. Nbd2 cxd4 15.
Bxd4 Nc6 16. Be3 Re8 17. Qb1 Bg6 18. a3 Rc8 19. Bd3 Nd7 20. a4 Rb8 21. axb5
axb5 22. b4 Nde5 23. Nxe5 Nxe5 24. Bc2 Bf6 25. Ra6 Rc8 26. f4 Bh4 27. Rd1 Nc4
28. Nxc4 Rxc4 29. Raxd6 Qc8 30. Bd3 Bxe4 31. Bf2 Bxf2+ 32. Kxf2 Bxd3 33. Qxd3
Rxf4+ 34. Kg1 Rfe4 35. Qxe4 Rxe4 36. Rd8+ Re8 37. Rxc8 Rxc8 38. Rd5 Rc2 39.
Rxb5 g6 1/2-1/2

[Event "Titled Tuesday intern op 16th June f"]
[Site "Chess.com INT"]
[Date "2020.06.16"]
[Round "1.2"]
[White "Fedoseev, Vladimir1"]
[Black "Kamsky, Gata"]
[Result "1-0"]
[WhiteElo "2678"]
[BlackElo "2674"]
[PlyCount "77"]
[EventDate "2020.06.16"]
[EventType "k.o. (blitz)"]
[EventRounds "3"]
[EventCountry "USA"]
[SourceTitle "EXT 2021"]
[Source "ChessBase"]
[SourceDate "2020.10.23"]
[SourceVersion "1"]
[SourceVersionDate "2020.10.23"]
[SourceQuality "1"]

1. Nf3 g6 2. g3 Bg7 3. Bg2 Nf6 4. O-O O-O 5. d4 d6 6. c4 Nc6 7. Nc3 e5 8. e3
Re8 9. b3 e4 10. Nd2 Bf5 11. Bb2 h5 12. f3 exf3 13. Qxf3 Qd7 14. Rae1 Bd3 15.
Nd5 Nxd5 16. cxd5 Nb4 17. e4 Bxf1 18. Rxf1 c6 19. a3 Na6 20. dxc6 bxc6 21. e5
dxe5 22. Ne4 f5 23. Ng5 Qd6 24. dxe5 Bxe5 25. Bxe5 Rxe5 26. b4 Nc7 27. Qb3+ Nd5
28. Rc1 Kg7 29. Nf3 Re3 30. Qb2+ Qf6 31. Qxf6+ Nxf6 32. Rxc6 Rd8 33. h3 Rd7 34.
Kf2 Rxa3 35. Kg1 Ne4 36. h4 Ra1+ 37. Kh2 Ra2 38. Kh3 Nf6 39. Ne5 1-0

[Event "Titled Tuesday intern op 30th June"]
[Site "Chess.com INT"]
[Date "2020.06.30"]
[Round "1"]
[White "Kamsky, Gata"]
[Black "Womacka, Mathias"]
[Result "1-0"]
[WhiteElo "2674"]
[BlackElo "2435"]
[PlyCount "111"]
[EventDate "2020.06.30"]
[EventType "swiss (blitz)"]
[EventRounds "10"]
[EventCountry "USA"]
[SourceTitle "CBM 197 Extra"]
[Source "ChessBase"]
[SourceDate "2020.09.30"]
[SourceVersion "1"]
[SourceVersionDate "2020.09.30"]
[SourceQuality "1"]

1. d4 Nf6 2. Nf3 e6 3. Bf4 c5 4. e3 d5 5. c3 Bd6 6. Bb5+ Nc6 7. Bxc6+ bxc6 8.
Bxd6 Qxd6 9. Qa4 O-O 10. Qa3 Ne4 11. Nbd2 cxd4 12. Qxd6 Nxd6 13. cxd4 Ba6 14.
Ne5 Rfb8 15. b3 Rb6 16. Rc1 Rc8 17. Nd7 Rb5 18. Nc5 Rb6 19. Nf3 Ne4 20. Nxe4
dxe4 21. Ne5 Rc7 22. Kd2 f6 23. Nc4 Bxc4 24. Rxc4 Kf7 25. Rhc1 Ke7 26. Ra4 Kd6
27. Rc5 Rb5 28. Ra5 Rxc5 29. Rxc5 e5 30. Kc3 Rb7 31. Ra5 exd4+ 32. Kxd4 Rb4+
33. Kc3 Rb7 34. b4 g6 35. g4 Rf7 36. Kd4 f5 37. gxf5 Rxf5 38. Rxf5 gxf5 39. h4
h5 40. a3 Ke6 41. Kc5 Kd7 42. b5 cxb5 43. Kxb5 Kd6 44. Ka6 Kc5 45. Kxa7 Kc4 46.
Kb6 Kd3 47. a4 Ke2 48. a5 Kxf2 49. a6 Kxe3 50. a7 f4 51. a8=Q f3 52. Kc5 f2 53.
Qa6 Kf3 54. Kd4 e3 55. Qd3 Kg2 56. Qe2 1-0